UBT Library

Zhvillimi Rural (Record no. 60810)

000 -LEADER
fixed length control field 00296nam a22001337a 4500
008 - FIXED-LENGTH DATA ELEMENTS--GENERAL INFORMATION
fixed length control field 260218b ||||| |||| 00| 0 eng d
020 ## - INTERNATIONAL STANDARD BOOK NUMBER
International Standard Book Number 9951050654
041 ## - LANGUAGE CODE
Language code of text/sound track or separate title Shqip
080 ## - UNIVERSAL DECIMAL CLASSIFICATION NUMBER
Universal Decimal Classification number 711.4
100 ## - Rafti
Rafti 20.1
101 ## - Shkurtesa
Shkurtesa roman
245 ## - TITLE STATEMENT
Title Zhvillimi Rural
Statement of responsibility, etc Ibrahim Ramadani
942 ## - ADDED ENTRY ELEMENTS (KOHA)
Source of classification or shelving scheme
Item type Books
Holdings
Withdrawn status Lost status Source of classification or shelving scheme Damaged status Not for loan Collection code Permanent location Current location Shelving location Date acquired Total Checkouts Barcode Date last seen Price effective from Koha item type Full call number
          Koleksioni i përgjithshem UBT - Lipjan UBT - Lipjan Koleksioni i përgjithshem 02/18/2026   002-800070999501 02/18/2026 02/18/2026 Books  
          Koleksioni i përgjithshem UBT - Lipjan UBT - Lipjan   02/18/2026   002-800070999502 02/18/2026 02/18/2026 Books 002-800070999502
          Koleksioni i përgjithshem UBT - Lipjan UBT - Lipjan   02/23/2026   002-800070999557 02/23/2026 02/23/2026 Books  
          Koleksioni i përgjithshem UBT - Lipjan UBT - Lipjan   03/26/2026   003-800070999473 03/26/2026 03/26/2026 Books  
          Koleksioni i përgjithshem UBT - Lipjan UBT - Lipjan   03/26/2026   003-800070999474 03/26/2026 03/26/2026 Books  
          Koleksioni i përgjithshem UBT - Lipjan UBT - Lipjan   03/26/2026   003-800070999475 03/26/2026 03/26/2026 Books  
          Koleksioni i përgjithshem UBT - Lipjan UBT - Lipjan   03/26/2026   003-800070999476 03/26/2026 03/26/2026 Books  
          Koleksioni i përgjithshem UBT - Lipjan UBT - Lipjan   03/26/2026   003-800070999477 03/26/2026 03/26/2026 Books  
UBT Library © 2015-2024. All rights reserved University Education for Business and Technology